000 01492nam1a2200301 i 4500
001 RU\NLR\BIBL_A\012813436
005 20260407051057.0
035 _a(NLR Aleph) 012813436
090 _a13216124
_c13216124
100 _a20220608g20219999km y0rusy50 ca
101 0 _arus
102 _aRU
105 _a||||z||||||||
181 0 _ai3
_baxxe
182 0 _an
200 1 _aПереписка с родными
_fГригорий Сергеевич Аксаков
_gсоставление Т. Е. Петровой
_gответственный редактор: доктор филологических наук А. П. Дмитриев
_gвступительная статья М. А. Чванова
_gАксаковский фонд, Институт русской литературы (Пушкинский Дом) Российской академии наук
203 _aТекст
_bвизуальный
_cнепосредственный
210 _aУфа
_cБелая река
_d2021
215 _d22
600 1 _aАксаков
_bГ.С.
_f1820 - 1891
_gГригорий Сергеевич
_jПереписка
_92503567
_3RU\NLR\AUTH\6601700061
686 1 _aТ3(2)51-8,013
700 1 _aАксаков
_bГ. С.
_f1820-1891
_gГригорий Сергеевич
712 0 2 _4570
_aАксаковский фонд
_cУфа
_9538522
_3RU\NLR\AUTH\8810020264
852 _aNLR
_j2022-5/5631
942 _cBOOK